000 00529nam a22001937a 4500
003 KOHA_MİRAKIL
005 20251030143357.0
008 251030b tu ||||| |||| 00| 0 tur d
020 _a9786054893515
040 _aTR-AnABB
_btur
_cTR-AnABB
041 _atur
082 _a814.42
_bOZE 2022
100 1 _aÖzel, İsmet,
245 1 0 _aTekne kazıntısı /
_cİsmet Özel
260 _aİstanbul :
_bTiyo Yayıncılık,
_c2022
300 _a160 sayfa ;
_c21 cm
650 0 4 _aTürk edebiyatı, roman
942 _2ddc
_cBK
999 _c9240
_d9240
900 _bGizem YORULMAZ